000 00867cam a2200205 4500
001 WB3803-08
008 020124n2002 000 0 eng u
035 _a(Sirsi) u116434
245 _aNew Radon Forum announced
260 _c2002
490 _aBRE News Release
_v 22 January 2002, (2)
520 _aA Concerted Action project announced by the European Commission will carry out a three-year Europe-wide investigation of radon. It will cover many topics and tasks including, increasing public awareness, developing common protocols for measuring radon emanation from building materials and protection of new buildings. For more information visit the Radon website: http://www.bre.co.uk/radon/index.html
590 _aWB
650 _aRADON
650 _aBRE
650 _aHEALTH HAZARDS
650 _aRESEARCH
690 _aHEALTH & SAFETY
942 _n0
999 _c69357
_d69357